Modelos que describen la organización universitaria /
Spremljeno u:
| Glavni autor: | |
|---|---|
| Format: | Knjiga |
| Jezik: | Spanish |
| Oznake: |
Dodaj oznaku
Bez oznaka, Budi prvi tko označuje ovaj zapis!
|
MARC
| LEADER | 00000nam a22000007a 4500 | ||
|---|---|---|---|
| 003 | cru CIDCACS/IIS | ||
| 005 | 20170728062529.0 | ||
| 007 | ta | ||
| 008 | 170726t1997 cr ||||| |||| 00| 0 spa d | ||
| 999 | |c 19489 |d 19489 | ||
| 040 | |c cru CIDCACS/IIS | ||
| 100 | 1 | |9 5037 |a Tabash Blanco, Nayibe | |
| 245 | 1 | |a Modelos que describen la organización universitaria / |c Nayibe Tabash Blanco | |
| 300 | |a páginas 121-131 | ||
| 773 | 0 | |0 19488 |9 1055 |a Universidad de Costa Rica |d San José, Costa Rica: Editorial Universidad de Costa Rica, 1977- |o 18150 |t Educación: |x 03797082 | |
| 942 | |2 ddc |c PP | ||
